000 01013nam0a22002771 4500
001 rc\4958152
005 20250613050140.0
021 _aRU
_b[68-665]
035 _a(NLR Aleph) 008956548
090 _a9036923
_c9036922
100 _a20130426d1967 |||y0rusy50 ca
101 0 _arus
102 _aRU
105 _ay z |||||
200 1 _aРазвитие революционной теории Коммунистической партией Советского Союза
_e[Сборник статей
_fРед.-сост. М.В. Искров]
210 _aМосква
_cПолитиздат
_d1967
215 _a454 с.
_d20
601 0 2 _aКПСС
_jСборники
_2psbo
606 _aМарксизм-ленинизм
_jСборники
_2psbo
606 _aМарксизм-ленинизм в СССР
_2psbo
702 1 _aИскров
_bМ.В.
_gМихаил Васильевич
_4220
801 0 _aRU
_bNLR
_gpsbo
801 1 _aRU
_bELAR
_2rusmarc
852 _aNLR
_j68-3/689
942 _cBOOK
980 _aNB